000 00333nam a2200121Ia 4500
008 180117s9999 xx 000 0 und d
100 _aby Jay Michael Jaboneta
245 _aImagineering the future of Education
260 _c2017
300 _a24-26 pages, 2017 September 24
440 _aPhilippine Panorama
650 _aEDUCATION
999 _c353289
_d353289